[Event "Porto district-ch U14"]
[Site "Porto"]
[Date "2004.02.22"]
[Round "2"]
[White "Silva, Lucas Borges Da"]
[Black "Pintor, Simao Maciel Abranc"]
[Result "0-1"]
[WhiteElo "1001"]
[BlackElo "1490"]
[PlyCount "98"]
[EventDate "2004.02.??"]
[EventType "tourn"]
[EventRounds "5"]
[EventCountry "POR"]
[SourceTitle "EXT 2005"]
[Source "ChessBase"]
[SourceDate "2004.11.15"]
[SourceVersion "1"]
[SourceVersionDate "2004.11.15"]
[SourceQuality "1"]

1. d4 d5 2. Nf3 Nf6 3. e3 Bg4 4. Be2 e6 5. 0-0 c5 6. Nc3 Nc6 7. b3 Be7 8. Bb2 0-0 9. a3 cxd4 10. exd4 Qb6 11. Na4 Qc7 12. Ne5 Bxe2 13. Qxe2 a6 14. Rfe1 b5 15. Nc5 Nxd4 16. Bxd4 Bxc5 17. Bxc5 Qxc5 18. g4 Rfc8 19. Rec1 Ne4 20. Qf3 f6 21. Nd3 Qd4 22. Qe3 Qxe3 23. fxe3 Rc7 24. Kf1 Rac8 25. Ra2 Nd2+ 26. Ke2 Nxb3 27. Rb1 Rxc2+ 28. Rxc2 Rxc2+ 29. Ke1 Nc5 30. Nxc5 Rxc5 31. Rb3 Kf7 32. Kf2 Kg6 33. Kg3 f5 34. Rb4 Rc4 35. gxf5+ Kxf5 36. Rb3 Ke4 37. Kf2 Rc2+ 38. Ke1 Rxh2 39. Rc3 g5 40. Rc6 e5 41. Rxa6 g4 42. Kf1 g3 43. Rf6 Rf2+ 44. Rxf2 gxf2 45. Kxf2 d4 46. exd4 Kxd4 47. Ke2 Ke4 48. Ke1 Ke3 49. Kf1 Kd2 0-1